=LDR 00000nam 2200000 4500 =001 INLIS000000000038646 =005 20241003084743 =035 ##$$a 0010-061300000038646 =041 ##$$a Ind =082 ##$$a 796 =090 ##$$a 796, Won b =100 ##$$a Wongso, Andrie =245 1#$$a Bruce Lee 40 spirit of success /$c Andrie Wongso; Editor, Den Setiawan =260 ##$$a Jakarta :$b Publishing,$c 2009 =300 ##$$a 151 hlm : $b Ilus ; $c 18 x 12 Cm =650 #4$$a Olah Raga =700 #$$a Setiawan, Den =850 ##$$a NBPNMAT =084 ##$$a 796 WON b =250 ##$$a Cet. 1 =008 241003################g##########0#ind## =990 ##$$a 0001/BPAP-NTB/20142014 =990 ##$$a 0001/BPAP-NTB/2016 =990 ##$$a 01201802868 =990 ##$$a 1202402277 =990 ##$$a 21110467 =990 ##$$a 0001/BPAP-NTB/2016 =990 ##$$a 01201802868 =990 ##$$a 1202402277